|
|
|
|
| LEADER |
00969cam a2200229 i 4500 |
| 001 |
7906985 |
| 003 |
GR-PaULI |
| 005 |
20211008123557.0 |
| 008 |
190913s1950 gw af g 000 0 ger d |
| 952 |
|
|
|0 0
|1 0
|2 ddc
|4 0
|6 722_800000000000000_BUL
|7 0
|9 235070
|a THST
|b THST
|d 2019-09-13
|i 007749
|l 0
|o 722.8 BUL
|p 025000264347
|r 2019-09-13 00:00:00
|t 1
|v 2019.00
|w 2019-09-13
|y BK15
|
| 999 |
|
|
|c 142475
|d 142475
|
| 010 |
|
|
|a 52018291
|
| 040 |
|
|
|a DLC
|c UU
|d OCoLC
|d DLC
|d GR-PaULI
|b gre
|e AACR2
|
| 082 |
0 |
4 |
|a 722.8
|2 23
|
| 100 |
1 |
|
|a Bulle, Heinrich,
|d 1867-1945.
|e συγγραφέας
|
| 245 |
1 |
0 |
|a Szenenbilder zum griechischen Theater des 5. Jahrhunderts v. Chr. /
|c [von] Heinrich Bulle [und] Heinrich Wirsing.
|
| 260 |
|
|
|a Berlin :
|b Gebr. Mann,
|c 1950.
|
| 300 |
|
|
|a 52 σ. :
|b εικ.
|c 33 εκ.
|
| 650 |
|
4 |
|a Θέατρα
|x Σκηνογραφία και σκηνικά
|9 149552
|
| 700 |
1 |
4 |
|a Wirsing, Heinrich.
|e εικονογράφος
|9 177835
|
| 942 |
|
|
|2 ddc
|c BK15
|
| 998 |
|
|
|c ΜΑΝΙΑ
|d 2019-09
|